000
00300nam a2200121Ia 4500
008
210430s9999 xx 000 0 und d
082
_a
613.2 K451P
100
_a
Dr.Khan M.Laiq
245
_a
Poultry Feeds&Nutrition
_c
Dr.Khan M.Laiq
260
_a
Lahore
_c
2001
300
_a
324p.
942
_c
BK
_2
ddc
999
_c
565602
_d
565602